000 00837 a2200205 4500
001 59019
005 20260407155845.0
008 260407a1985 arg spa d
003 AR-UNSa-BCEJYS
040 _aAR-UNSa-BCEJYS
_bspa
_cAR-UNSa-BCEJYS
080 _a338.5
_xPrecios. Formación de precios. Costes
245 1 0 _aTeoría de los precios sociales
020 _a84-7351-181-6
264 1 _aMadrid :
_bInstituto Nacional de Administración Pública (INAP)
_c1985
300 _a250 p.
_c19 cm.
505 _a1. Mercado y asignación de recursos – 2. Análisis de costes y beneficios sociales – 3. Precios de cuenta de eficiencia – 4. Precios sociales – 5. Salario social – 6. Tasa social de descuento – 7. Externalidades
942 _cBK
590 _aniveau_biblio:m niveau_hierar:0
100 1 _aAzqueta Oyarzun, Diego
999 _c6572
_d6572